000 01685nam a2200373 a 4500
999 _c145199
_d145199
003 BLK
005 20250215120051.0
008 180410b bul|||||r ||||||| ||bul||
010 _aKNG00151372000
040 _aBLK
041 _aBUL
_cBUL
080 _aИндийска литература
_b821.21
_x-93-31
_z821.21-93-31
139 _aРахул и тигърът
_bР 40
245 1 0 _aРахул и тигърът
_bИнд. приказкa
_cпрев. от рус. Таня Стефанова Тамахкярова; ил. Биляна Тодорова Господинова; предг. от Таня Стефанова Тамахкярова.
257 _aIND
260 _aСофия
_bНери
_c1991
300 _a16 с.
_bс ил.
_c21 см
380 _aDX
490 _aБиблиотека Фют пътешества
_9206957
500 _aБез сведение за ориг. загл. - Прев. от рус. изд. - 3 000 тир.
653 _aприказки
653 _aдетска литература
653 _aлитература за деца
700 1 _aТамахкярова, Таня Стефанова
_eпрев. от рус.
_9379927
700 1 _aГосподинова, Биляна Тодорова
_eил.
_9366335
700 1 _aТамахкярова, Таня Стефанова
_eпредг. от
_9379927
852 _aЦб 262628
856 4 _qpdf
_i3.90
_ldisable
856 4 _qpdf
_i3.90
_ldisable
942 _cKNG
_n0
_s1
_01
944 _aCR
_c04.10.2013
_lСевдалина Тодорова
_k30540
944 _aED
_c04.10.2013
_l04.10.2013 - от С1,Р / 04.10.2013
999 _d145199